| 000 | nam a22 a 4500 | ||
|---|---|---|---|
| 999 |
_c47936 _d47936 |
||
| 003 | BLK | ||
| 005 | 20220317110610.0 | ||
| 008 | 180408b bul|||||r ||||||| ||bul|| | ||
| 010 | _aKNG00051751000 | ||
| 040 | _aBLK | ||
| 041 |
_aBUL _cBUL _hRUS |
||
| 080 |
_aВръзка на капитала с производството _b330.012 _z330.012 |
||
| 100 | 1 |
_aВарга, Евгени С. _eпърви автор _9281742 |
|
| 139 |
_aВарга, Евгени С. _bВ 22 |
||
| 245 | 1 | 0 |
_aКапитализмът на XX век _cЕвгени С. Варга; прев. от рус. Донка Данчева. |
| 257 | _aBGR | ||
| 260 |
_bБКП _c1963 _fВ.Търново : Д. Найденов _aСофия |
||
| 300 |
_a156 с. _c25 см |
||
| 380 | _a3 | ||
| 650 | 4 |
_aПолитическа икономия - капитализъм _9277986 |
|
| 653 | _aкапитализъм | ||
| 653 | _aполитическа икономия | ||
| 700 | 1 |
_aДанчева, Донка _eпрев. от рус. _9276837 |
|
| 852 |
_aЦб 26008 _bЦб |
||
| 856 | 4 | _qpdf | |
| 856 | 4 | _qpdf | |
| 942 |
_cKNG _n0 _s1 |
||
| 944 |
_aCR _c01.09.2016 _kХристина_Везирева |
||
| 944 |
_aED _c01.09.2016 _kХристина_Везирева |
||
| 999 | _d47936 | ||